MARC

LEADER 00000nam0a2200000 4500
001 100421
005 20231101214316.0
010 |a 5973900061  |b 2000 экз. 
021 |a RU  |b 05-86780  |9 05-4298 
035 |a (RuTPU)RU\TPU\book\108031 
090 |a 100421 
100 |a 20060823d2005 m y0rusy5002 ca 
101 0 |a rus 
102 |a RU 
105 |a a z 000zy 
200 1 |a Деньги террора. Кто оплатил Беслан?  |f С. А. Горяинов 
210 |a Москва  |c Европа  |d 2005 
215 |a 60, [2] с.  |c ил. 
225 1 |a Войны 
606 1 |a Экстремизм  |x Социально-политические проблемы  |2 stltpush  |3 (RuTPU)RU\TPU\subj\70501  |9 84746 
610 1 |a политика 
610 1 |a внутренняя политика 
610 1 |a Россия 
610 1 |a терроризм 
610 1 |a Беслан 
610 1 |a Чечня 
610 1 |a террор 
610 1 |a финансирование 
686 |a Ф3(2)3  |2 rubbk 
700 1 |a Горяинов  |b С. А.  |g Сергей Александрович  |4 070 
801 0 |a RU  |b RKP  |c 20060214  |g PSBO 
801 1 |a RU  |b 63413507  |c 20060823  |g PSBO 
801 2 |a RU  |b 63413507  |c 20140204  |g PSBO 
942 |c BK